000 00672cam a22002413a 4500
001 39
003 PGUSA
005 20140828082942.0
008 920901s1992||||xxu|||||s|||||000 | eng d
040 _aPGUSA
_beng
042 _adc
050 4 _aTK
100 1 _aKrol, Ed
245 1 0 _aHitchhiker's Guide to the Internet
_h[electronic resource] /
_cEd Krol
260 _bProject Gutenberg,
_c1992
506 _aCopyrighted. Read the copyright notice inside this book for details.
516 _aElectronic text
653 _aInternet
653 _aComputer networks
830 0 _aProject Gutenberg
_v39
856 4 0 _uhttp://www.gutenberg.org/ebooks/39
942 _cEB
999 _c229410
_d229410